[Event "BL2 Ost 1819 (Women)"]
[Site "Germany"]
[Date "2019.01.13"]
[Round "7.5"]
[White "Beltz, Carmen"]
[Black "Stockdreher, Diana"]
[Result "1-0"]
[WhiteElo "1920"]
[BlackElo "1477"]
[PlyCount "73"]
[EventDate "2018.10.27"]
[EventType "team-tourn"]
[EventRounds "7"]
[EventCountry "GER"]
[SourceTitle "CBM 190 Extra"]
[Source "ChessBase"]
[SourceDate "2019.07.15"]
[SourceVersion "1"]
[SourceVersionDate "2019.07.15"]
[SourceQuality "1"]
[WhiteTeam "Leipzig SG (W)"]
[BlackTeam "Dresden USV TU (W)"]
[WhiteTeamCountry "GER"]
[BlackTeamCountry "GER"]

1. e4 b6 2. d4 Bb7 3. Nc3 e6 4. Bd3 Bb4 5. Bd2 Bxc3 6. Bxc3 Ne7 7. Qg4 Ng6 8. h4 Qf6 9. Ne2 h5 10. Qg3 d6 11. e5 dxe5 12. dxe5 Qe7 13. Bxg6 fxg6 14. Qxg6+ Qf7 15. Nf4 Bd5 16. Qxf7+ Kxf7 17. Nxd5 exd5 18. 0-0-0 Ke6 19. f4 Rf8 20. g3 c5 21. Bd2 Nc6 22. c3 a5 23. Rhg1 Kf5 24. Be3 Rad8 25. Kd2 Rfe8 26. Ke2 Re6 27. Kf3 Rg6 28. a3 a4 29. Rd3 c4 30. Rd2 Ne7 31. Rdg2 b5 32. g4+ hxg4+ 33. Rxg4 Rxg4 34. Rxg4 Rg8 35. Bc5 Ke6 36. Bxe7 Kxe7 37. Rg6 1-0

[Event "BL2 Ost 1718 (Women)"]
[Site "Germany"]
[Date "2017.12.17"]
[Round "3.5"]
[White "Beltz, Carmen"]
[Black "Neumeyer, Hannelore"]
[Result "1-0"]
[WhiteElo "1918"]
[BlackElo "1919"]
[PlyCount "81"]
[EventDate "2017.10.14"]
[EventType "team-tourn"]
[EventRounds "7"]
[EventCountry "GER"]
[SourceTitle "EXT 2019"]
[Source "ChessBase"]
[SourceDate "2018.10.10"]
[SourceVersion "1"]
[SourceVersionDate "2018.10.10"]
[SourceQuality "1"]
[WhiteTeam "Leipzig SG (W)"]
[BlackTeam "Leipzig Lindenau (W)"]
[WhiteTeamCountry "GER"]
[BlackTeamCountry "GER"]

1. e4 e5 2. Nf3 f5 3. Nxe5 Qe7 4. Nf3 fxe4 5. Nd4 Nf6 6. Nc3 d5 7. Qe2 Nc6 8. Nxc6 bxc6 9. d4 a5 10. Bg5 Ba6 11. Qe3 Bxf1 12. Rxf1 Qe6 13. f3 Bb4 14. Bxf6 gxf6 15. 0-0-0 Bxc3 16. Qxc3 f5 17. fxe4 fxe4 18. Rd2 Rf8 19. Rxf8+ Kxf8 20. Rf2+ Ke7 21. Qg3 Kd7 22. Qg7+ Kc8 23. Rf6 Qd7 24. Rf8+ Kb7 25. Qxd7 Rxf8 26. Qh3 Rf2 27. g4 Rf3 28. Qg2 h6 29. h4 Rf4 30. Kd2 Kb6 31. b3 c5 32. dxc5+ Kxc5 33. Qg3 Rf7 34. Qc3+ Kd6 35. Qxa5 Rf2+ 36. Kc3 c6 37. Qb4+ Kd7 38. a4 Rf4 39. Kd2 Rf2+ 40. Kd1 Ke6 41. Qc5 1-0

[Event "BL2 Ost 1718 (Women)"]
[Site "Germany"]
[Date "2017.10.15"]
[Round "2.3"]
[White "Richter, Ulrike"]
[Black "Beltz, Carmen"]
[Result "0-1"]
[WhiteElo "1935"]
[BlackElo "1918"]
[PlyCount "112"]
[EventDate "2017.10.14"]
[EventType "team-tourn"]
[EventRounds "7"]
[EventCountry "GER"]
[SourceTitle "EXT 2019"]
[Source "ChessBase"]
[SourceDate "2018.10.10"]
[SourceVersion "1"]
[SourceVersionDate "2018.10.10"]
[SourceQuality "1"]
[WhiteTeam "Coswig TuS (W)"]
[BlackTeam "Leipzig SG (W)"]
[WhiteTeamCountry "GER"]
[BlackTeamCountry "GER"]

1. c4 e5 2. Nc3 Nf6 3. g3 c6 4. Bg2 Bc5 5. d3 0-0 6. Nf3 Re8 7. 0-0 d5 8. cxd5 Nxd5 9. Qb3 Na6 10. Ng5 Be6 11. Nxe6 fxe6 12. Ne4 Bb6 13. Bg5 Qc7 14. Rac1 h6 15. Bd2 Rad8 16. a4 Re7 17. Qa3 Ba5 18. Bxa5 Qxa5 19. Rc4 Red7 20. Rfc1 Nb6 21. R4c2 Qxa4 22. Qxa4 Nxa4 23. Ra1 Nb6 24. Nc5 Nxc5 25. Rxc5 a6 26. Rxe5 Kf7 27. Ra3 Kf6 28. Rc5 Nd5 29. Kf1 Ke7 30. Ke1 Rf8 31. Rb3 Kd6 32. Rc4 Rdf7 33. Bxd5 exd5 34. Rf4 Rxf4 35. gxf4 Kc7 36. e3 Rf5 37. Kf1 b5 38. Ra3 Kb6 39. b4 Rf7 40. d4 Ra7 41. Ke2 a5 42. Kd3 axb4 43. Rxa7 Kxa7 44. f3 Kb6 45. f5 c5 46. dxc5+ Kxc5 47. e4 dxe4+ 48. fxe4 Kd6 49. Kd4 Ke7 50. e5 Kf7 51. Kd3 g5 52. Kd4 h5 53. Kd5 b3 54. Kd6 b2 55. e6+ Ke8 56. f6 b1Q 0-1

[Event "BL2 Ost 1718 (Women)"]
[Site "Germany"]
[Date "2017.10.14"]
[Round "1.4"]
[White "Hartmann, Anne"]
[Black "Beltz, Carmen"]
[Result "1/2-1/2"]
[WhiteElo "1496"]
[BlackElo "1918"]
[PlyCount "76"]
[EventDate "2017.10.14"]
[EventType "team-tourn"]
[EventRounds "7"]
[EventCountry "GER"]
[SourceTitle "EXT 2019"]
[Source "ChessBase"]
[SourceDate "2018.10.10"]
[SourceVersion "1"]
[SourceVersionDate "2018.10.10"]
[SourceQuality "1"]
[WhiteTeam "Dresden USV TU (W)"]
[BlackTeam "Leipzig SG (W)"]
[WhiteTeamCountry "GER"]
[BlackTeamCountry "GER"]

1. c4 c5 2. Nc3 Nf6 3. Nf3 g6 4. g3 Bg7 5. Bg2 Nc6 6. 0-0 d6 7. d3 Bd7 8. Bd2 Qc8 9. a3 Bh3 10. e4 h5 11. Ne2 Bxg2 12. Kxg2 Ng4 13. Rb1 0-0 14. b4 Nce5 15. Nxe5 Nxe5 16. Bc3 Rb8 17. Qd2 Kh7 18. f4 Ng4 19. Bxg7 Kxg7 20. f5 Ne5 21. fxg6 fxg6 22. Rxf8 Qxf8 23. Rf1 Qe8 24. bxc5 Kh7 25. cxd6 exd6 26. Nf4 Rd8 27. Nd5 Nd7 28. Qe3 b6 29. Rf3 Rc8 30. Qf4 Kg8 31. Qxd6 Rc5 32. Nf6+ Nxf6 33. Rxf6 Kg7 34. Rf3 Rc6 35. Qd4+ Kh7 36. Qf2 Kg7 37. Qd4+ Kh7 38. Qf2 Kg7 1/2-1/2

[Event "BL 1415 (Women)"]
[Site "Germany"]
[Date "2014.11.30"]
[Round "4.5"]
[White "Lauterbach, Ingrid"]
[Black "Beltz, Carmen"]
[Result "1-0"]
[WhiteElo "2095"]
[BlackElo "1955"]
[PlyCount "105"]
[EventDate "2014.09.27"]
[EventType "team-tourn"]
[EventRounds "11"]
[EventCountry "GER"]
[SourceTitle "CBM 166 Extra"]
[Source "ChessBase"]
[SourceDate "2015.06.18"]
[SourceVersion "1"]
[SourceVersionDate "2015.06.18"]
[SourceQuality "1"]
[WhiteTeam "Deizisau (W)"]
[BlackTeam "Leipzig SG (W)"]
[WhiteTeamCountry "GER"]
[BlackTeamCountry "GER"]

1. Nf3 c5 2. g3 Nc6 3. Bg2 g6 4. 0-0 Bg7 5. d3 d5 6. Nbd2 Nf6 7. e4 dxe4 8. dxe4 Qc7 9. c3 0-0 10. Qc2 b6 11. Re1 e5 12. Nc4 Bb7 13. a4 Rad8 14. b3 Rfe8 15. Bb2 a6 16. Rad1 b5 17. axb5 axb5 18. Ne3 Na5 19. Nd2 c4 20. bxc4 Nxc4 21. Nexc4 bxc4 22. Qa4 Rc8 23. Bf1 Qb6 24. Nxc4 Qc6 25. Qxc6 Rxc6 26. Nd6 Rb8 27. Nxb7 Rxb7 28. Rd8+ Bf8 29. Ba3 Nd7 30. Bb4 Kg7 31. Rd1 Bxb4 32. cxb4 Nf6 33. b5 Rc2 34. f3 Rcc7 35. R8d6 Nd7 36. Rc6 Nc5 37. Rc1 Ne6 38. Rxc7 Nxc7 39. Rb1 Na8 40. Kf2 Nb6 41. Rc1 Kf6 42. f4 Nd7 43. Bh3 Ke7 44. Bxd7 Kxd7 45. Rc5 exf4 46. gxf4 Kd6 47. Re5 h5 48. Rd5+ Ke7 49. Ke3 h4 50. Kd4 Rc7 51. b6 Rc2 52. Rb5 Rxh2 53. b7 1-0

[Event "BL 1415 (Women)"]
[Site "Germany"]
[Date "2014.11.29"]
[Round "3.5"]
[White "Beltz, Carmen"]
[Black "Sedina, Elena"]
[Result "0-1"]
[WhiteElo "1955"]
[BlackElo "2294"]
[PlyCount "66"]
[EventDate "2014.09.27"]
[EventType "team-tourn"]
[EventRounds "11"]
[EventCountry "GER"]
[SourceTitle "CBM 166 Extra"]
[Source "ChessBase"]
[SourceDate "2015.06.18"]
[SourceVersion "1"]
[SourceVersionDate "2015.06.18"]
[SourceQuality "1"]
[WhiteTeam "Leipzig SG (W)"]
[BlackTeam "Baden-Baden (W)"]
[WhiteTeamCountry "GER"]
[BlackTeamCountry "GER"]

1. e4 e6 2. d4 d5 3. Nd2 a6 4. c3 c5 5. exd5 exd5 6. Bd3 Nc6 7. Ne2 Nf6 8. 0-0 c4 9. Bb1 Bd6 10. Ng3 0-0 11. Nf5 Bxf5 12. Bxf5 Re8 13. Re1 Rxe1+ 14. Qxe1 Qc7 15. Nf1 Re8 16. Be3 g6 17. Bc2 Ng4 18. h3 Nxe3 19. fxe3 f5 20. Qh4 b5 21. Qg5 Nd8 22. Re1 Nf7 23. Qh4 Be7 24. Qf4 Qd8 25. g4 Ng5 26. Kg2 Bd6 27. Qf2 fxg4 28. hxg4 Rf8 29. Qe2 Nf3 30. e4 Qh4 31. e5 Qxe1 32. Qxe1 Nxe1+ 33. Kg1 Nxc2 0-1

[Event "BL2 Ost 1213 (Women)"]
[Site "Germany"]
[Date "2012.10.06"]
[Round "1.4"]
[White "Frehde, Regina"]
[Black "Beltz, Carmen"]
[Result "1/2-1/2"]
[WhiteElo "1645"]
[BlackElo "1948"]
[PlyCount "55"]
[EventDate "2012.10.06"]
[EventType "team-tourn"]
[EventRounds "7"]
[EventCountry "GER"]
[SourceTitle "EXT 2018"]
[Source "ChessBase"]
[SourceDate "2017.10.13"]
[SourceVersion "1"]
[SourceVersionDate "2017.10.13"]
[SourceQuality "1"]
[WhiteTeam "Potsdam USV (W)"]
[BlackTeam "Leipzig Schachgemeinschaft (W)"]
[WhiteTeamCountry "GER"]
[BlackTeamCountry "GER"]

1. d4 Nf6 2. c4 c5 3. Nf3 g6 4. Nc3 cxd4 5. Nxd4 Nc6 6. Nxc6 bxc6 7. g3 Bg7 8. Bd2 0-0 9. Rc1 Bb7 10. Bg2 Rc8 11. 0-0 Ba8 12. Qa4 Qb6 13. Qc2 c5 14. Bxa8 Rxa8 15. b3 Rfd8 16. Nd5 Nxd5 17. cxd5 d6 18. Bc3 a5 19. Bxg7 Kxg7 20. e4 Qb4 21. Qb2+ Kg8 22. Rc4 Qb5 23. Qc2 Rdb8 24. f4 a4 25. bxa4 Qb2 26. Rf2 Qxc2 27. Rfxc2 Rb4 28. Rxb4 1/2-1/2

[Event "BL2 Ost 1112 (Women)"]
[Site "Germany"]
[Date "2012.02.12"]
[Round "7.5"]
[White "Lorenz, Nicole"]
[Black "Beltz, Carmen"]
[Result "1/2-1/2"]
[WhiteElo "1873"]
[BlackElo "1964"]
[PlyCount "75"]
[EventDate "2011.10.29"]
[EventType "team-tourn"]
[EventRounds "7"]
[EventCountry "GER"]
[SourceTitle "EXT 2013"]
[Source "ChessBase"]
[SourceDate "2012.11.22"]
[SourceVersion "1"]
[SourceVersionDate "2012.11.22"]
[SourceQuality "1"]
[WhiteTeam "Leipzig Lindenau (W)"]
[BlackTeam "Leipzig SG (W)"]
[WhiteTeamCountry "GER"]
[BlackTeamCountry "GER"]

1. d4 Nf6 2. Bg5 d5 3. Bxf6 exf6 4. e3 Bd6 5. c4 dxc4 6. Bxc4 0-0 7. Nf3 Nd7 8. 0-0 Nb6 9. Bb3 c6 10. e4 Bg4 11. h3 Be6 12. Nc3 Bxb3 13. Qxb3 Re8 14. Rad1 Qc7 15. d5 Rad8 16. Rc1 cxd5 17. exd5 Qc4 18. Qxc4 Nxc4 19. b3 Ne5 20. Nd4 a6 21. Nf5 Bb8 22. Rfd1 g6 23. Ne3 Re7 24. Kf1 Kg7 25. Ne4 Nd7 26. Nc5 Nxc5 27. Rxc5 Ba7 28. Rc3 Red7 29. Rcd3 Bb8 30. a4 Bd6 31. Nc4 Bb4 32. a5 Bc5 33. d6 Kf8 34. Rd5 Bb4 35. f4 h6 36. Kf2 Kg7 37. Kf3 Kf8 38. g4 1/2-1/2

[Event "BL 0910 (Women)"]
[Site "Germany"]
[Date "2010.03.28"]
[Round "11.6"]
[White "Saal, Hilkka"]
[Black "Beltz, Carmen"]
[Result "1-0"]
[WhiteElo "1695"]
[BlackElo "1979"]
[PlyCount "43"]
[EventDate "2009.11.07"]
[EventType "team-tourn"]
[EventRounds "11"]
[EventCountry "GER"]
[SourceTitle "CBM 133 Extra"]
[Source "ChessBase"]
[SourceDate "2010.01.05"]
[SourceVersion "1"]
[SourceVersionDate "2010.01.05"]
[SourceQuality "1"]
[WhiteTeam "Lehrte (W)"]
[BlackTeam "Leipzig Gohlis (W)"]
[WhiteTeamCountry "GER"]
[BlackTeamCountry "GER"]

1. e4 c5 2. Nf3 e6 3. d4 cxd4 4. Nxd4 Nf6 5. Nc3 d6 6. Be3 a6 7. Bd3 Nbd7 8. 0-0 b5 9. a3 Bb7 10. f4 Rc8 11. Qe2 Be7 12. Rad1 Qc7 13. Bf2 0-0 14. Kh1 Qb8 15. Bg3 Rfe8 16. e5 dxe5 17. fxe5 Nd5 18. Bxh7+ Kxh7 19. Qh5+ Kg8 20. Qxf7+ Kh8 21. Nxe6 Bf8 22. Qh5+ 1-0

[Event "BL 0809 (Women)"]
[Site "Germany"]
[Date "2009.04.25"]
[Round "10.6"]
[White "Beltz, Carmen"]
[Black "Klek, Hanna Marie"]
[Result "1-0"]
[WhiteElo "1962"]
[BlackElo "2004"]
[PlyCount "61"]
[EventDate "2008.11.08"]
[EventType "team-tourn"]
[EventRounds "11"]
[EventCountry "GER"]
[SourceTitle "EXT 2010"]
[Source "ChessBase"]
[SourceDate "2010.11.25"]
[SourceVersion "1"]
[SourceVersionDate "2010.11.25"]
[SourceQuality "1"]
[WhiteTeam "Leipzig Gohlis (W)"]
[BlackTeam "Bad Koenigshofen (W)"]
[WhiteTeamCountry "GER"]
[BlackTeamCountry "GER"]

1. e4 c5 2. Nf3 d6 3. d4 cxd4 4. Nxd4 Nf6 5. Nc3 a6 6. Bc4 e6 7. Bb3 Be7 8. Be3 Qc7 9. Qe2 0-0 10. g4 Nc6 11. 0-0-0 b5 12. g5 Nxd4 13. Bxd4 Nd7 14. Rhg1 Nc5 15. f4 b4 16. Na4 Bb7 17. Nxc5 dxc5 18. Be5 Qc6 19. f5 Rfd8 20. g6 hxg6 21. fxg6 Rxd1+ 22. Qxd1 Bf8 23. gxf7+ Kxf7 24. Qh5+ Ke7 25. Qg5+ Ke8 26. Qg6+ Ke7 27. Rd1 Bc8 28. Bd6+ Qxd6 29. Rxd6 Kxd6 30. Qf7 Bd7 31. e5+ 1-0

[Event "GER-chT U20 Girls"]
[Site "Stuttgart"]
[Date "2007.12.29"]
[Round "6.1"]
[White "Samorukova, Jana"]
[Black "Beltz, Carmen"]
[Result "0-1"]
[WhiteElo "1695"]
[BlackElo "1824"]
[PlyCount "52"]
[EventDate "2007.12.27"]
[EventType "team-swiss"]
[EventRounds "7"]
[EventCountry "GER"]
[SourceTitle "EXT 2009"]
[Source "ChessBase"]
[SourceDate "2008.11.26"]
[SourceVersion "1"]
[SourceVersionDate "2008.11.26"]
[SourceQuality "1"]
[WhiteTeam "Fritzdorf Gruen Weiss U20 Girls"]
[BlackTeam "Leipzig Gohlis U20 Girls"]
[WhiteTeamCountry "GER"]
[BlackTeamCountry "GER"]

1. d4 Nf6 2. Bg5 e6 3. e4 h6 4. Bxf6 Qxf6 5. c3 Nc6 6. Bc4 d6 7. Ne2 g5 8. 0-0 Bd7 9. f4 gxf4 10. Nxf4 Qe7 11. d5 Ne5 12. dxe6 Bxe6 13. Bd5 c6 14. Bxe6 fxe6 15. Qh5+ Kd7 16. Na3 Qg5 17. Qh3 Re8 18. Rad1 Rg8 19. Nc2 Ng4 20. c4 Qc5+ 21. Nd4 e5 22. Nh5 Kd8 23. b4 Qxb4 24. Rb1 Qxc4 25. Rxb7 Qxd4+ 26. Kh1 Nf2+ 0-1

[Event "GER-chT U20 Girls"]
[Site "Torgelow"]
[Date "2006.12.28"]
[Round "3.3"]
[White "Sdunzik, Jennifer"]
[Black "Beltz, Carmen"]
[Result "0-1"]
[WhiteElo "1971"]
[BlackElo "1952"]
[PlyCount "78"]
[EventDate "2006.12.27"]
[EventType "team-swiss"]
[EventRounds "7"]
[EventCountry "GER"]
[SourceTitle "EXT 2008"]
[Source "ChessBase"]
[SourceDate "2007.11.25"]
[SourceVersion "1"]
[SourceVersionDate "2007.11.25"]
[SourceQuality "1"]
[WhiteTeam "Ruedersdorf Glueckauf U20 Girls"]
[BlackTeam "Leipzig Gohlis U20 Girls"]
[WhiteTeamCountry "GER"]
[BlackTeamCountry "GER"]

1. e4 c5 2. Nf3 e6 3. d4 cxd4 4. Nxd4 a6 5. Bd3 Nc6 6. Nxc6 bxc6 7. 0-0 Qc7 8. Nd2 Nf6 9. Kh1 Be7 10. f4 d6 11. Nf3 e5 12. Qe1 0-0 13. Qc3 Nd7 14. Qe1 Nc5 15. Qg3 Nxd3 16. cxd3 f6 17. f5 Bd7 18. Nd2 Be8 19. Nc4 d5 20. Ne3 dxe4 21. dxe4 Rd8 22. Ng4 Rd4 23. Re1 Bb4 24. Qb3+ Bf7 25. Nh6+ gxh6 26. Qg3+ Kh8 27. Bxh6 Rg8 28. Qh4 Qe7 29. Re3 Bd2 30. Rh3 Bxh6 31. Qxh6 Bc4 32. Rg1 Qg7 33. Qc1 Rxe4 34. b3 Bd5 35. Rg3 Rg4 36. Qe3 Rxg3 37. hxg3 Qxg3 38. Qxg3 Rxg3 39. Kh2 Rd3 0-1

[Event "BL2 Gr02 0506 (Women)"]
[Site "Germany"]
[Date "2006.01.22"]
[Round "5.6"]
[White "Reichel, Sabrina"]
[Black "Beltz, Carmen"]
[Result "0-1"]
[WhiteElo "1410"]
[BlackElo "1792"]
[PlyCount "76"]
[EventDate "2005.10.29"]
[EventType "team-tourn"]
[EventRounds "7"]
[EventCountry "GER"]
[SourceTitle "EXT 2007"]
[Source "ChessBase"]
[SourceDate "2006.11.23"]
[SourceVersion "1"]
[SourceVersionDate "2006.11.23"]
[SourceQuality "1"]
[WhiteTeam "Erfurt Medizin"]
[BlackTeam "Leipzig Gohlis"]
[WhiteTeamCountry "GER"]
[BlackTeamCountry "GER"]

1. e4 c5 2. d4 cxd4 3. c3 dxc3 4. Nxc3 e6 5. Nf3 Bc5 6. Be2 Nc6 7. 0-0 d6 8. a3 a6 9. b4 Ba7 10. Bb2 Nge7 11. Rc1 0-0 12. Qd2 Qd7 13. Rfd1 Rd8 14. b5 Ne5 15. Nxe5 dxe5 16. Qg5 Bd4 17. Na4 Qe8 18. Rc7 f6 19. Qg3 Bxb2 20. Nxb2 Rxd1+ 21. Nxd1 axb5 22. Bxb5 Qd8 23. Rc1 Bd7 24. Be2 Bc6 25. Qf3 Ng6 26. Bc4 Qd6 27. Ra1 Nf4 28. Nc3 Rxa3 29. Rxa3 Qxa3 30. g3 Nh3+ 31. Kf1 Ng5 32. Qd3 Qe7 33. Kg2 Qd7 34. Qc2 Qd4 35. Bd3 f5 36. h4 fxe4 37. Nxe4 Nxe4 38. Bxe4 Bxe4+ 0-1

[Event "GER-chT U20 Girls"]
[Site "Naunhof"]
[Date "2005.12.28"]
[Round "3.4"]
[White "Beltz, Carmen"]
[Black "Biebinger, Eva"]
[Result "1-0"]
[WhiteElo "1799"]
[BlackElo "1448"]
[PlyCount "55"]
[EventDate "2005.12.27"]
[EventType "team-swiss"]
[EventRounds "7"]
[EventCountry "GER"]
[SourceTitle "CBM 110 Extra"]
[Source "ChessBase"]
[SourceDate "2006.03.10"]
[SourceVersion "2"]
[SourceVersionDate "2006.03.10"]
[SourceQuality "1"]

1. e4 e5 2. Nf3 Nc6 3. Nc3 Bb4 4. d4 Bxc3+ 5. bxc3 exd4 6. cxd4 d6 7. c3 Nge7 8. Bd3 0-0 9. 0-0 h6 10. Qb3 Ng6 11. Be3 a6 12. Rae1 b5 13. a3 Bb7 14. Nd2 Re8 15. f4 Na5 16. Qb1 Rc8 17. f5 Nf8 18. f6 g6 19. Bxh6 Nh7 20. e5 dxe5 21. dxe5 Qd5 22. Nf3 Qc5+ 23. Be3 Qxc3 24. Bxg6 Nf8 25. Bxf7+ Kh8 26. Bxe8 Rxe8 27. f7 Re7 28. Bd4 1-0

[Event "BL2 Gr02 0506 (Women)"]
[Site "Germany"]
[Date "2005.11.20"]
[Round "4.6"]
[White "Winter, Kathrin"]
[Black "Beltz, Carmen"]
[Result "0-1"]
[WhiteElo "1396"]
[BlackElo "1792"]
[PlyCount "62"]
[EventDate "2005.10.29"]
[EventType "team-tourn"]
[EventRounds "7"]
[EventCountry "GER"]
[SourceTitle "EXT 2007"]
[Source "ChessBase"]
[SourceDate "2006.11.23"]
[SourceVersion "1"]
[SourceVersionDate "2006.11.23"]
[SourceQuality "1"]
[WhiteTeam "Leipzig Lindenau"]
[BlackTeam "Leipzig Gohlis"]
[WhiteTeamCountry "GER"]
[BlackTeamCountry "GER"]

1. e4 c5 2. Nc3 d6 3. f4 Nc6 4. Nf3 g6 5. Bc4 Bg7 6. d3 e6 7. 0-0 Nge7 8. Qe1 0-0 9. a3 a6 10. Qh4 b5 11. Ba2 Nd4 12. Nxd4 Bxd4+ 13. Kh1 Nc6 14. Qxd8 Rxd8 15. Ne2 Bg7 16. c3 b4 17. Bd2 Rb8 18. a4 bxc3 19. bxc3 Rb2 20. Rfd1 Na5 21. Ng3 Bd7 22. Be1 Rdb8 23. c4 Nc6 24. a5 Nd4 25. Bc3 Rc2 26. Rdc1 Ba4 27. h3 Ne2 28. Nxe2 Rxe2 29. Bxg7 Kxg7 30. Bb1 Bc6 31. Kg1 Rbb2 0-1

[Event "BL2 Gr02 0506 (Women)"]
[Site "Germany"]
[Date "2005.10.30"]
[Round "2.3"]
[White "Schneider, Birgit"]
[Black "Beltz, Carmen"]
[Result "1/2-1/2"]
[WhiteElo "1795"]
[BlackElo "1792"]
[PlyCount "75"]
[EventDate "2005.10.29"]
[EventType "team-tourn"]
[EventRounds "7"]
[EventCountry "GER"]
[SourceTitle "EXT 2007"]
[Source "ChessBase"]
[SourceDate "2006.11.23"]
[SourceVersion "1"]
[SourceVersionDate "2006.11.23"]
[SourceQuality "1"]
[WhiteTeam "Karlsruhe II"]
[BlackTeam "Leipzig Gohlis"]
[WhiteTeamCountry "GER"]
[BlackTeamCountry "GER"]

1. e4 c5 2. c3 d5 3. exd5 Qxd5 4. d4 Nf6 5. Nf3 Bg4 6. dxc5 Qxc5 7. Na3 Nc6 8. Be3 Qa5 9. Qb3 Qc7 10. Nb5 Qb8 11. Ng5 e6 12. h3 Bf5 13. g3 Nd5 14. Bd4 a6 15. Na3 Nxd4 16. cxd4 Bb4+ 17. Ke2 Be7 18. Nf3 b5 19. Bg2 0-0 20. Rhd1 Qb6 21. Rac1 Rac8 22. Nc2 Rfd8 23. Ne3 Be4 24. Kf1 Qb7 25. Ne1 Nxe3+ 26. Qxe3 Bd5 27. Bxd5 Qxd5 28. Nf3 Bf6 29. a3 g6 30. h4 Rxc1 31. Rxc1 Bxd4 32. Nxd4 Qxd4 33. Qxd4 Rxd4 34. Rc6 a5 35. Ke2 b4 36. Ke3 Rd5 37. axb4 axb4 38. Rb6 1/2-1/2

[Event "GER-chT U20 Girls"]
[Site "Pori"]
[Date "2004.12.27"]
[Round "2.2"]
[White "Beltz, Carmen"]
[Black "Diebig, Maja"]
[Result "1/2-1/2"]
[WhiteElo "1632"]
[BlackElo "1716"]
[PlyCount "82"]
[EventDate "2004.12.27"]
[EventType "team"]
[EventRounds "7"]
[EventCountry "GER"]
[SourceTitle "EXT 2006"]
[Source "ChessBase"]
[SourceDate "2005.11.24"]
[SourceVersion "1"]
[SourceVersionDate "2005.11.24"]
[SourceQuality "1"]

1. e4 e6 2. d4 d5 3. Nd2 Nf6 4. e5 Nfd7 5. Bd3 c5 6. c3 Nc6 7. Ne2 Qb6 8. Nf3 Be7 9. 0-0 f6 10. exf6 Nxf6 11. Bc2 Bd7 12. Re1 0-0 13. b3 Rae8 14. Bf4 cxd4 15. cxd4 Bb4 16. Rf1 Ne7 17. Ne5 Bb5 18. Bd3 Nf5 19. Rc1 Rc8 20. Bxb5 Qxb5 21. Qd3 Qxd3 22. Nxd3 Ba3 23. Rcd1 Rc2 24. Nec1 Ne4 25. Ne1 Rc6 26. Ne2 Nc3 27. Nxc3 Rxc3 28. Be5 Nd6 29. f3 Nf5 30. Rd3 Rc1 31. Bg3 Bb2 32. Be5 Rfc8 33. Kf2 R8c3 34. Rxc3 Rxc3 35. g4 Ne7 36. Kg3 Nc6 37. Rf2 Ba3 38. Rc2 Rxc2 39. Nxc2 Bb2 40. f4 Kf7 41. Kf3 Bc1 1/2-1/2